Normal view
MARC view
- Business writing
Entry Topical Term
001 - CONTROL NUMBER
- control field: 99606
003 - CONTROL NUMBER IDENTIFIER
- control field: NUST
005 - DATE AND TIME OF LATEST TRANSACTION
- control field: 20221010105254.0
008 - FIXED-LENGTH DATA ELEMENTS
- fixed length control field: 221010|| aca||aabn | a|a d
040 ## - CATALOGING SOURCE
- Original cataloging agency: NUST
- Transcribing agency: NUST
150 ## - HEADING--TOPICAL TERM
- Topical term or geographic name entry element: Business writing
- General subdivision: Technological innovations
670 ## - SOURCE DATA FOUND
- Source citation: Work cat.: (NUST)189388: Cram, Carol M. 99604, New perspectives on communicating in business with technology /, c2007.
